000 01566nam a2200325 a 4500
001 000016398
003 DO-SdBPM
005 20260203122255.0
007 ta
008 100304s1996 dr 000 0 spa d
040 _aDO-SdBPM
_bspa
_cBPMSU
_drda
049 _a
082 4 _a388.4131
_bA174c1996
_222
100 1 _aAcevedo Pérez, Rafael
_4aut.
_eAutor
245 1 0 _aEn las calles el peligro habla :
_blos mensajes del espacio vial /
_cRafael Acevedo Pérez.
264 _aSanto Domingo :
_bEditora Taller,
_c1996.
300 _a152 páginas ;
_c23 cm.
336 _atexto
_btxt
_2rdacontent
337 _asin mediación
_bn
_2rdamedia
338 _avolumen
_bnc
_2rdacarrier
500 _aIncluye datos biográficos del autor en la contracubierta
504 _aIncluye referencias bibliográficas (Páginas 151-152)
505 _aEn territorio enemigo 25 -- Ordenes contradictorias 33 -- El piloto automático 41 -- Las barreras simbólicas 49 -- Diseño contranatura 57 -- El escenario vial 65 -- Violencia vial 79 -- La vigilancia y la seguridad vial 87 -- Conductor y líder 97 -- A la puerta de la percepción 105 -- Códigos espaciales y problemas de comunicación 113 -- La investigación y la reingeniería viales 131 -- Socilogía del espacio 143
590 _aInventariado, 2026/VM
650 7 _a Accidentes de tránsito
_zRepública Dominicana
650 7 _aIngeniería del tránsito
_z República Dominicana
650 7 _aSeñales del tránsito
_zRepública Dominicana
910 _aVMateo V. Cotrol de calidad. BPMSU
942 _2ddc
_cBK
999 _c15659
_d15659